000 00527nam a2200217Ia 4500
003 OSt
005 20220924134000.0
006 a|||||r|||| 00| 0
007 ta
008 220923b |||||||| |||| 00| 0 snd d
024 _a271443
037 _cTextual
040 _aARTS
_cARTS
_bsnd
041 _2snd
_asnd
082 _aLA:4:6, 1593K7
100 _aNiwnadram
_9207786
245 0 _aBhajiyun ain mira
260 _c1967
942 _hLA:4:6, 1593K7
_cTEXL
_2CC
999 _c435932
_d435932